La democracia social frente a las Big Tech (notice n° 1571009)

détails MARC
000 -LEADER
fixed length control field 01375cam a2200157 4500500
005 - DATE AND TIME OF LATEST TRANSACTION
control field 20251214020514.0
041 ## - LANGUAGE CODE
Language code of text/sound track or separate title fre
042 ## - AUTHENTICATION CODE
Authentication code dc
100 10 - MAIN ENTRY--PERSONAL NAME
Personal name Aucante, Yohann
Relator term author
245 00 - TITLE STATEMENT
Title La democracia social frente a las Big Tech
260 ## - PUBLICATION, DISTRIBUTION, ETC.
Date of publication, distribution, etc. 2025.<br/>
500 ## - GENERAL NOTE
General note 43
520 ## - SUMMARY, ETC.
Summary, etc. La larga huelga convocada por los sindicatos suecos contra la multinacional estadounidense Tesla, que se niega a ratificar los convenios colectivos locales, tiene una magnitud sin precedentes. Sin embargo, se ha estudiado relativamente poco. Este artículo pretende situarla con mayor precisión en el complejo y cambiante panorama histórico de la democracia social sueca para comprender sus implicaciones, algo fundamental para la negociación colectiva en este país, pero también mucho más allá, ya que se trata de la primera huelga mundial contra esta empresa, una de las más poderosas del sector automovilístico. A través de este conflicto único en su género, se puede comprender mejor la dinámica de la resistencia a las formas de capitalismo que, aunque enarbolan la bandera del desarrollo sostenible, en realidad son a veces muy hostiles al sindicalismo y a los derechos de los trabajadores.
786 0# - DATA SOURCE ENTRY
Note Pouvoirs | 195 | 4 | 2025-10-06 | p. 91-103 | 0152-0768
856 41 - ELECTRONIC LOCATION AND ACCESS
Uniform Resource Identifier <a href="https://droit.cairn.info/revista-pouvoirs-2025-4-page-91?lang=es&redirect-ssocas=7080">https://droit.cairn.info/revista-pouvoirs-2025-4-page-91?lang=es&redirect-ssocas=7080</a>

Pas d'exemplaire disponible.

PLUDOC

PLUDOC est la plateforme unique et centralisée de gestion des bibliothèques physiques et numériques de Guinée administré par le CEDUST. Elle est la plus grande base de données de ressources documentaires pour les Étudiants, Enseignants chercheurs et Chercheurs de Guinée.

Adresse

627 919 101/664 919 101

25 boulevard du commerce
Kaloum, Conakry, Guinée

Réseaux sociaux

Powered by Netsen Group @ 2025